Moderné metódy hodnotenia výkonnosti vo vybranom podniku bakalárska práca

Na minha lista:
Detalhes bibliográficos
Autor principal: Tóthová, Veronika
Autor Corporativo: Podnikovohospodárska fakulta EU so sídlom v Košiciach. Katedra manažmentu
Outros Autores: Štofová, Lenka, 1989-
Formato: Livro
Idioma:eslovaco
Publicado em: Košice 2018
Tags: Adicionar Tag
Sem tags, seja o primeiro a adicionar uma tag!

MARC

LEADER 00000nbm a2200000 4500
001 0247215
005 20181024123659.1
041 0 |a slo 
044 |a SK 
245 1 0 |a Moderné metódy hodnotenia výkonnosti vo vybranom podniku  |b bakalárska práca  |c Veronika Tóthová ; školiteľ: Lenka Štofová 
264 1 |a Košice  |c 2018 
300 |a 60 s. 
100 1 |a Tóthová, Veronika 
700 1 |a Štofová, Lenka, 1989- 
710 2 |a Podnikovohospodárska fakulta EU so sídlom v Košiciach. Katedra manažmentu